00557 2200181 4500001002100000005001700021006001900038008004100057020001800098035002500116041000700141082001200148090001800160100001700178245011600195260003800311300002600349INLIS00000000000001020140307100007.0a ||| | 180719| ||| | id  a979-757-040-1 a0010-031300000000010 aid0 a004.678 a004.678 SOP c0 aYayan Sopyan00acara cerdik mencari informasi di internet : problem, kesalahan, ragam cara dan tempat, serta strategi pencarian atangerangbPT Kawan Pustakac2005 aviii, 76 hal, 23,5 cm